000 00499nam a2200217Ia 4500
003 OSt
005 20221005120833.0
006 a|||||r|||| 00| 0
007 ta
008 221004b |||||||| |||| 00| 0 eng d
024 _a113425
037 _cTextual
040 _aCRL
_cCRL
_beng
041 _2eng
_aeng
082 _aX:8C, N7
245 0 _aFinancial estimates 1997-98
260 _c1997
650 _aECONOMICS
942 _hX:8C, N7
_cTEXL
_2cc
999 _c1039281
_d1039281